000
00231 a2200109 4500
001
32357
090
_c
21734
_d
21734
100
_a
Chapman,W.A.J
245
_a
Workshop Technology, 4/e
250
_a
4
260
_a
London
_b
Edward Arnold
_c
1972
942
_a
NUST-CAE
999
_c
267430
_d
267430